Topological vector spaces: the theory without convexity conditions

Guardado en:
Detalles Bibliográficos
Autores principales: Adasch, Norbert (Autor), Keim, Dieter (Autor)
Otros Autores: Ernst Bruno (autor)
Formato: Libro
Lenguaje:inglés
Publicado: Berlín Springer-Verlag 1978
Colección:Lecture Notes in Mathematics, 639
Materias:
Etiquetas: Agregar Etiqueta
Sin Etiquetas, Sea el primero en etiquetar este registro!

MARC

LEADER 00000nam a2200000 a 4500
001 UCP3416
003 CL-VaPUC
008 990618e19780000GW |||||||||||||||||eng|d
082 0 4 |a 515.73  |b ADA  |2 21 
100 0 |a Adasch, Norbert  |e author  |9 430666 
700 |a Ernst Bruno  |e autor  |9 382 
700 0 |a Keim, Dieter  |e author  |9 430667 
245 1 0 |a Topological vector spaces: the theory without convexity conditions 
300 |a 125 p 
942 |c BK 
945 |d 19990618 00:00:00  |a crobeson 
260 |a Berlín  |b Springer-Verlag  |c 1978 
650 0 |a Espacios vectoriales topológicos   |9 424115 
650 7 |a ESPACIOS DE BANACH  |2 CL-VaPUC  |9 260167 
650 7 |a ESPACIOS BORNOLOGICOS  |2 CL-VaPUC  |9 425597 
650 7 |a FUNCIONES LINEALES CONTINUAS  |2 CL-VaPUC  |9 430668 
583 |a last modification  |c 19990618 00:00:00  |k Rodrigo Vera 
490 0 |a Lecture Notes in Mathematics, 639 
999 |c 281741  |d 281739 
952 |0 0  |1 0  |4 0  |6 515_730000000000000_ADA_1978  |7 0  |8 A  |9 322715  |a BIBMAT  |b BIBMAT  |d 2019-11-20  |i 1350900  |o 515.73 ADA 1978  |p 1350900  |r 2025-01-07  |w 2019-11-20  |y BK  |k MAT